| 000 | 00000nas 2200000za 4500 |
| 001 | 9.502826 |
| 003 | CaOODSP |
| 005 | 20230913133840 |
| 007 | cr ||||||||||| |
| 008 | 150406d20002004xxc|| p o||||f| |0fre|d |
| 022 | |a1495-3323 |
| 040 | |aCaOODSP|bfre |
| 043 | |an-cn--- |
| 086 | 1 |aD1-15F-PDF |
| 245 | 00|aRapport annuel de ... du Chef d'état-major de la défense. |
| 264 | 1|aOttawa, Ontario : |bDéfense nationale |
| 310 | |aAnnuel |
| 362 | 1 |aParaît depuis 1999/2000; ne paraît plus après 2003/2004. |
| 500 | |a« Je suis heureux de présenter, pour la quatrième année consécutive, mon Rapport annuel sur l'état des Forces canadiennes » -- page 3, rapport du 2000/2001. |
| 691 | 07|aArmée|2gcpds |
| 710 | 1 |aCanada.|bMinistère de la défense nationale.|bChef d'état-major de la défense, |eorganisme de publication. |
| 775 | 08|tAnnual report of the Chief of the Defence Staff |w(CaOODSP)9.506430 |